Capital y desarrollo / (Record no. 13012)
[ view plain ]
| 000 -CABECERA | |
|---|---|
| campo de control de longitud fija | 00908cam a2200253 a 4500 |
| 001 - NÚMERO DE CONTROL | |
| campo de control | 000013386 |
| 005 - FECHA Y HORA DE LA ÚLTIMA TRANSACCIÓN | |
| campo de control | 20200929163219.0 |
| 008 - DATOS DE LONGITUD FIJA--INFORMACIÓN GENERAL | |
| campo de control de longitud fija | 721115m19699999ve b 000 0 spa |
| 040 ## - FUENTE DE LA CATALOGACIÓN | |
| Centro catalogador/agencia de origen | DO-SdBNP |
| Lengua de catalogación | spa |
| Centro/agencia transcriptor | BNPHU |
| 082 ## - NÚMERO DE LA CLASIFICACIÓN DECIMAL DEWEY | |
| Número de clasificación | 330.987 |
| Número de documento/Ítem | R185c, 1969- |
| 100 1# - ENTRADA PRINCIPAL--NOMBRE DE PERSONA | |
| Nombre de persona | Rangel, Domingo Alberto. |
| 9 (RLIN) | 30628 |
| 245 10 - MENCIÓN DE TÍTULO | |
| Título | Capital y desarrollo / |
| Mención de responsabilidad, etc. | Domingo Alberto Rangel. |
| 260 ## - PUBLICACIÓN, DISTRIBUCIÓN, ETC. | |
| Lugar de publicación, distribución, etc. | Caracas : |
| Nombre del editor, distribuidor, etc. | Universidad Central de Venezuela. Facultad de Ciencias Económicas y Sociales, |
| Fecha de publicación, distribución, etc. | 1969-. |
| 300 ## - DESCRIPCIÓN FÍSICA | |
| Extensión | v. ; |
| Dimensiones | 22 cm. |
| 490 1# - MENCIÓN DE SERIE | |
| Mención de serie | Libros |
| Designación de volumen o secuencia | 2 |
| 500 ## - NOTA GENERAL | |
| Nota general | La biblioteca posee el tomo 2 |
| 505 0# - NOTA DE CONTENIDO CON FORMATO | |
| Información miscelánea | t. 1. |
| Título | La etapa agraria -- |
| Información miscelánea | t.2. |
| Título | El rey petroleo. |
| 650 #4 - PUNTO DE ACCESO ADICIONAL DE MATERIA--TÉRMINO DE MATERIA | |
| Término de materia o nombre geográfico como elemento de entrada | Capital |
| Subdivisión geográfica | Venezuela |
| 9 (RLIN) | 30629 |
| 650 #4 - PUNTO DE ACCESO ADICIONAL DE MATERIA--TÉRMINO DE MATERIA | |
| Término de materia o nombre geográfico como elemento de entrada | Petróleo |
| Subdivisión geográfica | Venezuela |
| 9 (RLIN) | 30630 |
| 651 #4 - PUNTO DE ACCESO ADICIONAL DE MATERIA--NOMBRE GEOGRÁFICO | |
| Nombre geográfico | Venezuela |
| Subdivisión general | Condiciones Económicas |
| 9 (RLIN) | 7472 |
| 650 #4 - PUNTO DE ACCESO ADICIONAL DE MATERIA--TÉRMINO DE MATERIA | |
| Término de materia o nombre geográfico como elemento de entrada | Desarrollo económico y social |
| 9 (RLIN) | 7372 |
| 830 #0 - PUNTO DE ACCESO ADICIONAL DE SERIE-TÍTULO UNIFORME | |
| Título uniforme | Libros ; |
| Designación de volumen o secuencia | 2 |
| 9 (RLIN) | 30631 |
| 910 ## - DATOS DE OPCIÓN DEL USUARIO (OCLC) | |
| Datos de opción del usuario | Validado. Control de calidad MFF |
| Estado de retiro | Estado de pérdida | Restricciones de uso | No para préstamo | Código de colección | Localización permanente | Ubicación/localización actual | Ubicación en estantería | Fecha de adquisición | Número de inventario | Total de préstamos | Signatura topográfica completa | Código de barras | Fecha visto por última vez | Precio válido a partir de | Tipo de ítem Koha |
|---|---|---|---|---|---|---|---|---|---|---|---|---|---|---|---|
| Excluido de préstamo | Monografías: Libros y Folletos | General | General | Depósito | 23.11.2009 | LF1 | v. 1 | 13386-10 | 25.06.2020 | 25.06.2020 | No se presta | ||||
| Excluido de préstamo | Monografías: Libros y Folletos | General | General | Depósito | 18.03.2014 | LF1 | v. 2 | 13386-20 | 25.06.2020 | 25.06.2020 | No se presta |
